| 000 | 00343nam a2200133Ia 4500 | ||
|---|---|---|---|
| 005 | 20260328104325.0 | ||
| 008 | 260328s9999||||xx |||||||||||||| ||und|| | ||
| 100 | _aMulayin, Selcuk | ||
| 245 | 0 |
_aMimar Sinan Turkish art and Architecture in anatolia / _cSelcuk Mulayin |
|
| 260 | _baksit | ||
| 300 | _a320 p. | ||
| 650 | _aTURKIA | ||
| 942 | _cBK | ||
| 999 |
_c11482 _d11482 |
||